00651nam a2200181 a 450000100100000000500170001000800410002702000150006804000250008308200130010810000390012124500720016026000380023230000210027049000510029150000760034283000510041800004244920201002040150.0131203s1975 sp 000 0 spa d a8432302058 aDO-SdBNPbspacBNPHU axxxbxxx1 aFernández Clemente, Eloy,d1942-10aAragón Contemporáneo :b1833-1936 /cEloy Fernández Clemente. aMadrid :bSiglo Veintiuno,c1975. a202 p. ;c18 cm.1 aEstudios de historia contemporánea siglo xxi aIncluye datos biográficos del autor en la solapa de la contracubierta 0aEstudios de historia contemporánea siglo xxi